00771nam a2200121Ia 4500008004100000020001800041100007500059245024800134260002700382650017600409650002200585856004200607171212s9999 xx 000 0 und d a9780833046178 aJackson, Brian A.;Marcum, Cheryl Y.;Robbert, Albert A.;Riddile, Andrew cJackson, Brian A.;Marcum, Cheryl Y.;Robbert, Albert A.;Riddile, AndrewaConsidering the Creation of a Domestic Intelligence Agency in the United StatesbLessons from the Experiences of Australia, Canada, France, Germany, and the United Kingdom bRAND Corporationc2009 aIntelligence service -- United States; Intelligence service -- Western countries; Terrorism -- United States -- Prevention; Terrorism -- Government policy -- United States aPolitical Science uwww.jstor.org/stable/10.7249/mg805dhs